00719nam a2200181 a 450000100100000000500170001000800410002704000250006808200170009310000260011024501040013626000590024030000350029959000260033470000390036095201210039999900170052000002436120200930022938.0110126s1972 ag ac r 001 0 spa d aDO-SdBNPbspacBNPHU axxxxxbS213a1 aSandburg, Carl94996210aAbraham Lincoln :blos años de la guerra II /ccarl Sandbrug ; traducción Jerónimo Córdoba. aBuenos Aires, Argentina :bLibrería Hachette,c1972. a588 p. :bil. retrs. ;c20 cm. aInventariado, 2019/BT1 aCórdoba, Jerónimo,etr.949963 001054708MOaGRbGRcHDd2011-01-26iLF1l0oxxxxx S213ap24361-10r2020-06-25w2020-06-25y4ZPréstamo en sala c23854d23854